[Event "XXVI Ogolnopolska Olimpiada Mlodziezy"]
[Site "Pulawy"]
[Date "2020.10.09"]
[Round "8.17"]
[White "Duda, Leon"]
[Black "Zieba, Hubert"]
[Result "1/2-1/2"]
[WhiteElo "1388"]
[BlackElo "1424"]
[PlyCount "83"]
[EventDate "2020.10.04"]
[EventType "swiss"]
[Tiebreak "Sum of Buchholz+Median1 Buchholz+Sonneborn-Berger (Swiss)"]

1. e4 c5 2. Nf3 Nc6 3. d4 cxd4 4. Nxd4 g6 5. Nc3 Bg7 6. Be3 Nf6 7. Bc4 O-O 8.
Bb3 d6 9. f3 Bd7 10. Qd2 Qa5 11. O-O-O Rfc8 12. h4 Ne5 13. Kb1 Nc4 14. Bxc4
Rxc4 15. Nb3 Qa6 16. Bd4 Rac8 17. h5 Nxh5 18. g4 Bxd4 19. Nxd4 Nf6 20. Qh6 Rxc3
21. bxc3 Rxc3 22. Nf5 Bxf5 23. gxf5 Qc4 24. Rh2 Rxf3 25. fxg6 fxg6 26. Rg1 Qxe4
27. Rhg2 Rf1+ 28. Rxf1 Qxg2 29. Re1 Kf7 30. Qe3 e5 31. Qxa7 Qc6 32. Qf2 Qc5 33.
Qxc5 dxc5 34. Rxe5 b6 35. Kc1 h5 36. Kd2 h4 37. Ke2 h3 38. Kf3 h2 39. Re1 Nd5
40. Rh1 Nb4 41. Rxh2 Nxa2 42. Rh7+ 1/2-1/2

[Event "XXVI Ogolnopolska Olimpiada Mlodziezy"]
[Site "Pulawy"]
[Date "2020.10.09"]
[Round "8.17"]
[White "Jaskulski, Jan"]
[Black "Kejna, Piotr"]
[Result "1-0"]
[WhiteElo "1619"]
[BlackElo "1772"]
[PlyCount "60"]
[EventDate "2020.10.04"]
[EventType "swiss"]
[Tiebreak "Sum of Buchholz+Median1 Buchholz+Sonneborn-Berger (Swiss)"]

1. b3 Nf6 2. Bb2 b6 3. e3 Bb7 4. f4 g6 5. Nf3 Bg7 6. Be2 d5 7. c4 O-O 8. O-O c5
9. cxd5 Bxd5 10. Nc3 Bb7 11. Ne5 Nc6 12. Bf3 Rc8 13. Nb5 Nd5 14. Nxc6 Rxc6 15.
Bxg7 Kxg7 16. Qc2 a6 17. Nc3 Rd6 18. Ne4 Rd7 19. f5 Kg8 20. fxg6 hxg6 21. Ng5
e6 22. h4 Nb4 23. Qc4 Bxf3 24. Rxf3 Nd3 25. Qc3 e5 26. Raf1 Re7 27. Qc4 b5 28.
Qe4 f5 29. Qc6 Kg7 30. h5 Kg8 1-0

[Event "XXVI Ogolnopolska Olimpiada Mlodziezy"]
[Site "Pulawy"]
[Date "2020.10.09"]
[Round "8.17"]
[White "Wojs, Alicja"]
[Black "Czarkowska, Dalia"]
[Result "1-0"]
[WhiteElo "1392"]
[BlackElo "1087"]
[PlyCount "143"]
[EventDate "2020.10.04"]
[EventType "swiss"]
[Tiebreak "Sum of Buchholz+Median1 Buchholz+Sonneborn-Berger (Swiss)"]

1. e4 c5 2. Nf3 e6 3. d4 cxd4 4. Nxd4 a6 5. Bd3 b5 6. O-O Bb7 7. f4 Bc5 8. c3
Nc6 9. Be3 Qb6 10. Bc2 Nf6 11. Re1 a5 12. Qd2 Ng4 13. Rd1 f6 14. e5 fxe5 15.
fxe5 Ncxe5 16. Qe2 Nxe3 17. Qxe3 Nc6 18. Kh1 e5 19. Qe2 Nxd4 20. Qh5+ Kd8 21.
cxd4 Bxd4 22. Nc3 Bxc3 23. bxc3 Qf2 24. Qg4 Qf7 25. Bb3 Qe7 26. Rd2 Ra7 27.
Rad1 Bc6 28. Rd6 Rc7 29. Re6 Qf8 30. Rxe5 a4 31. Bc2 Qf7 32. Bd3 h5 33. Qg5+
Qf6 34. Bxb5 Qxg5 35. Rxg5 Bxb5 36. Rxb5 Rxc3 37. Ra5 Re8 38. Ra8+ Rc8 39. Rxa4
Re5 40. Rf4 Ke7 41. Rfd4 Rc7 42. Kg1 Rec5 43. Re4+ Kd8 44. Re3 Rc1 45. Rxc1
Rxc1+ 46. Kf2 Rc2+ 47. Re2 Rxe2+ 48. Kxe2 g5 49. Kd3 Kc7 50. Kd4 Kd6 51. a4 h4
52. h3 Kc6 53. a5 Kb5 54. Kd5 Kxa5 55. Kd6 Kb5 56. Kxd7 Kc5 57. Ke6 Kd4 58. Kf5
Ke3 59. Kxg5 Kf2 60. Kxh4 Kxg2 61. Kg4 Kf2 62. h4 Ke3 63. h5 Ke4 64. h6 Ke5 65.
h7 Ke6 66. h8=Q Kf7 67. Qh6 Kg8 68. Qf6 Kh7 69. Qg5 Kh8 70. Kf5 Kh7 71. Kf6 Kh8
72. Qg7# 1-0

[Event "XXVI Ogolnopolska Olimpiada Mlodziezy"]
[Site "Pulawy"]
[Date "2020.10.09"]
[Round "8.18"]
[White "Arabas, Hanna"]
[Black "Pietryk, Joanna"]
[Result "0-1"]
[WhiteElo "1110"]
[BlackElo "1387"]
[PlyCount "80"]
[EventDate "2020.10.04"]
[EventType "swiss"]
[Tiebreak "Sum of Buchholz+Median1 Buchholz+Sonneborn-Berger (Swiss)"]

1. e4 c5 2. Nf3 d6 3. d4 cxd4 4. Nxd4 Nf6 5. Nc3 a6 6. f3 e5 7. Nb3 Be7 8. Be3
Be6 9. Qd2 d5 10. exd5 Nxd5 11. Nxd5 Qxd5 12. Qxd5 Bxd5 13. O-O-O Be6 14. Nc5
Bxc5 15. Bxc5 Nc6 16. Bd3 Rc8 17. a3 Na5 18. Bb4 Nc4 19. Be4 Ne3 20. Rd2 Nc4
21. Rd3 a5 22. Bc3 b5 23. b3 Nxa3 24. Bxa5 Nxc2 25. Bc6+ Ke7 26. Kxc2 Bf5 27.
Kb2 Bxd3 28. Be4 Rc2+ 29. Ka3 Bxe4 30. fxe4 Rxg2 31. Bb4+ Kf6 32. Rf1+ Kg6 33.
Bd6 f6 34. Bc5 Rxh2 35. Rg1+ Kh6 36. Rg3 g5 37. Rf3 Kg7 38. Be7 Rh6 39. Kb4 g4
40. Rg3 Rg6 0-1

[Event "XXVI Ogolnopolska Olimpiada Mlodziezy"]
[Site "Pulawy"]
[Date "2020.10.09"]
[Round "8.18"]
[White "Malinowski, Szymon"]
[Black "Kusiak, Mateusz"]
[Result "1/2-1/2"]
[WhiteElo "1740"]
[BlackElo "1578"]
[PlyCount "60"]
[EventDate "2020.10.04"]
[EventType "swiss"]
[Tiebreak "Sum of Buchholz+Median1 Buchholz+Sonneborn-Berger (Swiss)"]

1. d4 Nf6 2. Nf3 g6 3. Bg5 Ne4 4. Bf4 Bg7 5. Nbd2 d5 6. e3 Nd6 7. c4 dxc4 8.
Nxc4 O-O 9. Bd3 c5 10. Nxd6 exd6 11. O-O Nc6 12. d5 Nb4 13. Bc4 Bxb2 14. Rb1
Bg7 15. a3 Na6 16. Bxa6 bxa6 17. Qa4 Qc7 18. Nd2 Rd8 19. e4 a5 20. Qb5 Bd7 21.
Qa6 Be5 22. Bxe5 dxe5 23. Nc4 Rab8 24. Nxa5 Rb6 25. Rxb6 axb6 26. Nc4 b5 27.
Ne3 Kg7 28. Rc1 Be8 29. g3 c4 30. a4 Rd6 1/2-1/2

[Event "XXVI Ogolnopolska Olimpiada Mlodziezy"]
[Site "Pulawy"]
[Date "2020.10.09"]
[Round "8.18"]
[White "Pudelko, Magdalena"]
[Black "Kokot, Agnieszka"]
[Result "0-1"]
[WhiteElo "1382"]
[BlackElo "1244"]
[PlyCount "97"]
[EventDate "2020.10.04"]
[EventType "swiss"]
[Tiebreak "Sum of Buchholz+Median1 Buchholz+Sonneborn-Berger (Swiss)"]

1. e4 c5 2. Nf3 d6 3. d4 cxd4 4. Nxd4 Nf6 5. Nc3 a6 6. Bg5 e6 7. f4 Be7 8. Qf3
Nbd7 9. O-O-O Qc7 10. g4 b5 11. Bxf6 Nxf6 12. g5 Nd7 13. f5 Bxg5+ 14. Kb1 Ne5
15. Qh5 Qd8 16. Nxe6 Bxe6 17. fxe6 O-O 18. Bh3 b4 19. Nd5 g6 20. Qe2 fxe6 21.
Bxe6+ Kg7 22. Nxb4 Qb6 23. Nd3 Rab8 24. Bb3 a5 25. Nxe5 dxe5 26. Rd7+ Kh8 27.
Qc4 Qf2 28. Rf7 Rxf7 29. Qxf7 Qg2 30. Rd1 Qxe4 31. Qc7 Rf8 32. Qxa5 Qe2 33. Qe1
Qxh2 34. a4 Qf4 35. a5 e4 36. Rd4 Ra8 37. Rxe4 Qd2 38. Re8+ Rxe8 39. Qxe8+ Kg7
40. a6 Be3 41. Qb5 Qd4 42. c4 g5 43. Bc2 h6 44. b4 Qd2 45. Qb7+ Kf8 46. Qc8+
Ke7 47. Qb7+ Kf8 48. Bg6 Qd1+ 49. Kb2 0-1

[Event "XXVI Ogolnopolska Olimpiada Mlodziezy"]
[Site "Pulawy"]
[Date "2020.10.09"]
[Round "8.18"]
[White "Rosa, Antoni"]
[Black "Jaszczuk, Piotr"]
[Result "1/2-1/2"]
[WhiteElo "1419"]
[BlackElo "1312"]
[PlyCount "112"]
[EventDate "2020.10.04"]
[EventType "swiss"]
[Tiebreak "Sum of Buchholz+Median1 Buchholz+Sonneborn-Berger (Swiss)"]

1. c4 c5 2. Nc3 Nf6 3. g3 e6 4. e4 Nc6 5. Bg2 Be7 6. Nge2 a6 7. O-O Qc7 8. d3
b6 9. Bf4 d6 10. e5 dxe5 11. Bxe5 Qd7 12. d4 Bb7 13. Bxf6 Bxf6 14. d5 Na5 15.
dxe6 fxe6 16. Qxd7+ Kxd7 17. Bxb7 Nxb7 18. Rad1+ Kc6 19. Nf4 Na5 20. Nxe6 Nxc4
21. b3 Nb2 22. Rc1 Nd3 23. Rc2 Nb4 24. Rcc1 Rhe8 25. Nf4 Bxc3 26. Rxc3 Nxa2 27.
Rf3 Nb4 28. Nh5 Re7 29. Rd1 a5 30. Kg2 Rae8 31. Rf4 Nc2 32. Rc4 Nb4 33. Rg4 g6
34. Nf6 Rf8 35. Ne4 Nd5 36. h4 Rfe8 37. Ng5 Nc3 38. Rd3 Ne4 39. Nh3 Nd6 40. Nf4
Nf5 41. h5 gxh5 42. Rg5 Nd4 43. Rxh5 Rd8 44. Rc3 Rd6 45. Rh1 Ne6 46. Nxe6 Rdxe6
47. f4 Rf6 48. Kf3 h6 49. g4 Rg7 50. Re1 Rgf7 51. Re4 b5 52. Rce3 Kd7 53. Re1
Rf8 54. Re7+ Kd6 55. R7e4 b4 56. Rc4 a4 1/2-1/2

[Event "XXVI Ogolnopolska Olimpiada Mlodziezy"]
[Site "Pulawy"]
[Date "2020.10.09"]
[Round "8.19"]
[White "Zalega, Maciej"]
[Black "Podlewski, Szymon"]
[Result "1/2-1/2"]
[WhiteElo "1713"]
[BlackElo "1526"]
[PlyCount "127"]
[EventDate "2020.10.04"]
[EventType "swiss"]
[Tiebreak "Sum of Buchholz+Median1 Buchholz+Sonneborn-Berger (Swiss)"]

1. e4 e5 2. Bc4 d6 3. Nf3 Be7 4. d3 Bg4 5. h3 Bh5 6. c3 Nf6 7. Nbd2 Nc6 8. a4
O-O 9. O-O a6 10. Re1 Re8 11. Nf1 h6 12. Ng3 Bg6 13. Nh4 Kh7 14. Nhf5 Qd7 15.
Qf3 Na5 16. Nxe7 Rxe7 17. h4 h5 18. Ba2 Qxa4 19. Bg5 Nb3 20. Bxb3 Qxb3 21. Bxf6
gxf6 22. Nxh5 Bxh5 23. Qxh5+ Kg7 24. Qg4+ Kf8 25. Qf5 Qe6 26. g4 Qxf5 27. gxf5
Kg7 28. Kh2 Ree8 29. Rg1+ Kh7 30. Rg3 Rg8 31. Rag1 b5 32. Ra1 a5 33. Kg2 c5 34.
Kf3 a4 35. Ke2 Rg7 36. d4 cxd4 37. cxd4 Rxg3 38. fxg3 Rc8 39. Kd3 exd4 40. Rg1
Rc4 41. g4 Rb4 42. Rg2 Kh6 43. g5+ fxg5 44. hxg5+ Kg7 45. Rc2 Rb3+ 46. Kxd4 Rg3
47. Kd5 Rd3+ 48. Kc6 Rd4 49. Re2 b4 50. Kb5 a3 51. bxa3 bxa3 52. Kc6 Ra4 53.
Ra2 Rxe4 54. Rxa3 Rg4 55. Kxd6 Rxg5 56. Ke5 Rg1 57. Re3 Rg4 58. Re2 Rg1 59. Re4
Rg3 60. Re1 Rg2 61. f6+ Kf8 62. Kf4 Kg8 63. Ra1 Kh7 64. Kf5 {Rf1+ Ke5 Re1+ Ke4}
1/2-1/2

[Event "XXVI Ogolnopolska Olimpiada Mlodziezy"]
[Site "Pulawy"]
[Date "2020.10.09"]
[Round "8.19"]
[White "Zalewska, Malgorzata"]
[Black "Olszewska, Wiktoria"]
[Result "0-1"]
[WhiteElo "1201"]
[BlackElo "1317"]
[PlyCount "60"]
[EventDate "2020.10.04"]
[EventType "swiss"]
[Tiebreak "Sum of Buchholz+Median1 Buchholz+Sonneborn-Berger (Swiss)"]

1. e4 c5 2. b3 d6 3. Bb2 Nf6 4. d3 e6 5. f4 Nc6 6. Nf3 Qc7 7. Nbd2 a6 8. c4 Be7
9. Be2 b6 10. h3 Bb7 11. Qc2 Nb4 12. Qc3 Nh5 13. Ng5 Bf6 14. Qc1 Nxf4 15. Kf1
Bxg5 16. h4 Nfxd3 17. Bxd3 Nxd3 18. Qc3 Bf6 19. Qxd3 Bxb2 20. Re1 Bf6 21. g4
O-O-O 22. g5 Be7 23. Ke2 d5 24. cxd5 exd5 25. exd5 Rxd5 26. Qh3+ Kb8 27. Rhf1
Rhd8 28. Rd1 Qe5+ 29. Qe3 Qxe3+ 30. Kxe3 f6 0-1

[Event "XXVI Ogolnopolska Olimpiada Mlodziezy"]
[Site "Pulawy"]
[Date "2020.10.09"]
[Round "8.19"]
[White "Zmuda, Tomasz"]
[Black "Murawski, Milosz"]
[Result "1/2-1/2"]
[WhiteElo "1309"]
[BlackElo "1351"]
[PlyCount "100"]
[EventDate "2020.10.04"]
[EventType "swiss"]
[Tiebreak "Sum of Buchholz+Median1 Buchholz+Sonneborn-Berger (Swiss)"]

1. e4 c5 2. Nf3 d6 3. d4 cxd4 4. Nxd4 Nf6 5. Nc3 g6 6. Be3 Bg7 7. Bc4 O-O 8. f3
a6 9. Bb3 Nbd7 10. Qd2 Nc5 11. O-O-O Nxb3+ 12. Nxb3 Bd7 13. g4 b5 14. Bh6 b4
15. Bxg7 Kxg7 16. Ne2 Qb6 17. h4 a5 18. h5 a4 19. hxg6 fxg6 20. g5 Nh5 21. Qd4+
Qxd4 22. Nbxd4 e5 23. Nf5+ gxf5 24. Rxh5 fxe4 25. fxe4 Rf2 26. Rdh1 Rxe2 27.
Rxh7+ Kg6 28. Rxd7 Kxg5 29. Rg1+ Kf4 30. Rxd6 b3 31. Rdg6 bxa2 32. R6g4+ Ke3
33. R4g3+ Kxe4 34. Ra3 Kf5 35. Rxa2 Rc8 36. Rf1+ Ke6 37. c3 Rxc3+ 38. bxc3 Rxa2
39. Kb1 Rd2 40. Rc1 e4 41. c4 e3 42. Re1 Rd3 43. Kc2 Rb3 44. Ra1 e2 45. Kd2 a3
46. Kxe2 Rb2+ 47. Kd3 a2 48. Kc3 Rh2 49. Kb3 Kd6 50. Rxa2 Rxa2 1/2-1/2

[Event "XXVI Ogolnopolska Olimpiada Mlodziezy"]
[Site "Pulawy"]
[Date "2020.10.09"]
[Round "8.20"]
[White "Glaz, Michal"]
[Black "Brozynski, Patryk"]
[Result "1-0"]
[WhiteElo "1180"]
[BlackElo "1734"]
[PlyCount "43"]
[EventDate "2020.10.04"]
[EventType "swiss"]
[Tiebreak "Sum of Buchholz+Median1 Buchholz+Sonneborn-Berger (Swiss)"]

1. e4 c5 2. Nf3 Nc6 3. d4 cxd4 4. Nxd4 e6 5. Nc3 Qc7 6. Be3 a6 7. Qd2 Bb4 8.
O-O-O Nf6 9. f3 Ne5 10. Kb1 Bxc3 11. Qxc3 Qxc3 12. bxc3 d5 13. Bg5 Ned7 14. Bd3
b5 15. Rhe1 dxe4 16. Bxe4 Nxe4 17. Rxe4 Nc5 18. Nb3 Bb7 19. Red4 f6 20. Nxc5
Bd5 21. Bh4 O-O 22. Nd7 1-0

[Event "XXVI Ogolnopolska Olimpiada Mlodziezy"]
[Site "Pulawy"]
[Date "2020.10.09"]
[Round "8.20"]
[White "Kutowski, Marcel"]
[Black "Bury, Milosz"]
[Result "1-0"]
[WhiteElo "1712"]
[BlackElo "1436"]
[PlyCount "61"]
[EventDate "2020.10.04"]
[EventType "swiss"]
[Tiebreak "Sum of Buchholz+Median1 Buchholz+Sonneborn-Berger (Swiss)"]

1. e4 c5 2. Nf3 e6 3. d4 cxd4 4. Nxd4 Nf6 5. Nc3 Nc6 6. Nxc6 bxc6 7. e5 Nd5 8.
Ne4 Rb8 9. Be2 f5 10. exf6 Nxf6 11. Nd6+ Bxd6 12. Qxd6 Rb7 13. O-O Qe7 14. Qg3
O-O 15. b3 d5 16. Bb2 Ne4 17. Qe3 Qh4 18. f3 Ng5 19. Bd3 Re8 20. f4 Nf7 21. Rf3
Qe7 22. Rg3 e5 23. fxe5 Be6 24. Bd4 Rc7 25. Bc5 Qd7 26. Rf1 Kh8 27. Qf4 Nd8 28.
Qh4 h6 29. Rf8+ Bg8 30. Qxh6+ gxh6 31. Rgxg8# 1-0

[Event "XXVI Ogolnopolska Olimpiada Mlodziezy"]
[Site "Pulawy"]
[Date "2020.10.09"]
[Round "8.20"]
[White "Makarec, Anna"]
[Black "Semeradt, Michalina"]
[Result "1-0"]
[WhiteElo "1103"]
[BlackElo "1071"]
[PlyCount "43"]
[EventDate "2020.10.04"]
[EventType "swiss"]
[Tiebreak "Sum of Buchholz+Median1 Buchholz+Sonneborn-Berger (Swiss)"]

1. e4 e5 2. Nf3 Nc6 3. d4 exd4 4. Nxd4 Qh4 5. Nc3 Bb4 6. Be2 Bxc3+ 7. bxc3 Qxe4
8. Nb5 Kd8 9. O-O a6 10. Nd4 Nxd4 11. cxd4 d6 12. Bf3 Qg6 13. Re1 Nf6 14. c4 h5
15. c5 d5 16. Ba3 Bg4 17. Rb1 Rb8 18. c6 b6 19. Be7+ Kc8 20. Qe2 Re8 21. Qxa6+
Rb7 22. Qxb7# {Rh8} 1-0

[Event "XXVI Ogolnopolska Olimpiada Mlodziezy"]
[Site "Pulawy"]
[Date "2020.10.09"]
[Round "8.20"]
[White "Szczotka, Matylda"]
[Black "Tim, Anna"]
[Result "0-1"]
[WhiteElo "1306"]
[BlackElo "1237"]
[PlyCount "80"]
[EventDate "2020.10.04"]
[EventType "swiss"]
[Tiebreak "Sum of Buchholz+Median1 Buchholz+Sonneborn-Berger (Swiss)"]

1. e4 e6 2. d3 d5 3. Nd2 c5 4. Ngf3 Nc6 5. g3 Nf6 6. Bg2 Be7 7. O-O O-O 8. Re1
h6 9. Qe2 dxe4 10. dxe4 Qc7 11. e5 Nd7 12. c3 a6 13. Nf1 b5 14. h4 Bb7 15. N1h2
Rfd8 16. h5 Rac8 17. Ng4 Nb6 18. Nfh2 Kh7 19. Be4+ Kh8 20. Nxh6 gxh6 21. Ng4
Nd7 22. Nxh6 Ndxe5 23. f4 Rf8 24. fxe5 Qxe5 25. Bf4 Qg7 26. Qe3 c4 27. Qf3 f5
28. Bc2 Bg5 29. Qe3 Bxf4 30. Qxf4 Rf6 31. Nxf5 exf5 32. Rf1 Rg8 33. Kh2 Qh7 34.
Qh4 Qh6 35. Bxf5 Ne7 36. Qh3 Rxf5 37. Rxf5 Nxf5 38. Qxf5 Qd2+ 39. Kh3 Qg2+ 40.
Kh4 Qxg3# 0-1

[Event "XXVI Ogolnopolska Olimpiada Mlodziezy"]
[Site "Pulawy"]
[Date "2020.10.09"]
[Round "8.21"]
[White "Ciszewski, Krzysztof"]
[Black "Myrmus, Mateusz"]
[Result "0-1"]
[WhiteElo "1784"]
[BlackElo "1826"]
[PlyCount "96"]
[EventDate "2020.10.04"]
[EventType "swiss"]
[Tiebreak "Sum of Buchholz+Median1 Buchholz+Sonneborn-Berger (Swiss)"]

1. d4 Nf6 2. c4 g6 3. Nc3 d5 4. cxd5 Nxd5 5. e4 Nxc3 6. bxc3 Bg7 7. Bc4 c5 8.
Ne2 Nc6 9. Be3 O-O 10. Rc1 Qa5 11. Kf1 Rd8 12. h4 Qb6 13. Rb1 Qc7 14. h5 cxd4
15. cxd4 Nxd4 16. Rc1 Nxe2 17. Bxf7+ Kxf7 18. Qb3+ Be6 19. Rxc7 Bxb3 20. Kxe2
Bxa2 21. Rxb7 a5 22. hxg6+ hxg6 23. Bg5 Bf6 24. Bxf6 Kxf6 25. Rh7 Bc4+ 26. Ke3
Rd3+ 27. Kf4 e5+ 28. Kg4 Be6+ 29. Kh4 a4 30. f3 Rdd8 31. Ra7 Rxa7 32. Rxa7 g5+
33. Kg3 Rd4 34. Ra6 Ke7 35. Ra5 Kd6 36. Ra6+ Kd7 37. Ra7+ Kc8 38. Ra5 Bd7 39.
Rxe5 a3 40. Rxg5 a2 41. Rc5+ Kd8 42. Rc1 Rd2 43. f4 Rb2 44. Ra1 Be6 45. f5 Rb1
46. Rxa2 Bxa2 47. Kf4 Rf1+ 48. Kg5 Bb1 0-1

[Event "XXVI Ogolnopolska Olimpiada Mlodziezy"]
[Site "Pulawy"]
[Date "2020.10.09"]
[Round "8.21"]
[White "Mansz, Martyna"]
[Black "Feliks, Agnieszka"]
[Result "0-1"]
[WhiteElo "1054"]
[BlackElo "1149"]
[PlyCount "154"]
[EventDate "2020.10.04"]
[EventType "swiss"]
[Tiebreak "Sum of Buchholz+Median1 Buchholz+Sonneborn-Berger (Swiss)"]

1. c4 e5 2. g3 Nf6 3. Bg2 d5 4. cxd5 Nxd5 5. Qb3 Nb6 6. e3 Bd6 7. Ne2 Be6 8.
Qc2 Bd5 9. e4 Bc6 10. b3 O-O 11. Bb2 N8d7 12. Qc3 Qe7 13. f4 f5 14. fxe5 Bxe5
15. d4 Bd6 16. Nd2 fxe4 17. a3 e3 18. d5 exd2+ 19. Kxd2 Nxd5 20. Bxd5+ Bxd5 21.
Rhe1 Qf6 22. Nd4 c5 23. Nb5 Qxc3+ 24. Bxc3 Bb8 25. Re7 Nf6 26. Kc2 a6 27. Rd1
Be4+ 28. Kb2 axb5 29. Rdd7 Kh8 30. Rxg7 Ba7 31. g4 Rad8 32. Rdf7 Rxf7 33. Rxf7
Kg8 34. Rxf6 c4 35. bxc4 bxc4 36. Re6 Bg6 37. Re7 Bd4 38. Rxb7 Bxc3+ 39. Kxc3
Rd3+ 40. Kxc4 Rxa3 41. Kd5 Ra4 42. Ke6 Rxg4 43. Kf6 Rf4+ 44. Kg5 Rf5+ 45. Kg4
Rf7 46. Rb8+ Kg7 47. h4 h5+ 48. Kg3 Re7 49. Kf4 Kf6 50. Rb6+ Re6 51. Rxe6+ Kxe6
52. Kg5 Be8 53. Kf4 Kf6 54. Ke4 Bc6+ 55. Kf4 Bb7 56. Kg3 Kf5 57. Kh3 Kf4 58.
Kh2 Kg4 59. Kg1 Kxh4 60. Kh2 Kg4 61. Kg1 Kg3 62. Kf1 h4 63. Kg1 h3 64. Kf1 h2
65. Ke2 h1=Q 66. Kd2 Qe4 67. Kc3 Qd5 68. Kb4 Qc6 69. Kb3 Qc5 70. Kb2 Qc4 71.
Kb1 Qc3 72. Ka2 Qb4 73. Ka1 Kf3 74. Ka2 Ke2 75. Ka1 Kd2 76. Ka2 Kc2 77. Ka1
Qb2# 0-1

[Event "XXVI Ogolnopolska Olimpiada Mlodziezy"]
[Site "Pulawy"]
[Date "2020.10.09"]
[Round "8.21"]
[White "Mazurek, Maja"]
[Black "Lajdamik, Anna"]
[Result "0-1"]
[WhiteElo "1220"]
[BlackElo "1292"]
[PlyCount "116"]
[EventDate "2020.10.04"]
[EventType "swiss"]
[Tiebreak "Sum of Buchholz+Median1 Buchholz+Sonneborn-Berger (Swiss)"]

1. d4 d5 2. c4 Bf5 3. Nc3 e6 4. Qb3 Nc6 5. Be3 Nf6 6. a3 Na5 7. Qa4+ c6 8. cxd5
exd5 9. Nf3 Nc4 10. Bc1 Bd6 11. e3 Nb6 12. Qd1 O-O 13. Bd3 Qd7 14. O-O Rfe8 15.
Bxf5 Qxf5 16. b3 Ne4 17. Qc2 Qh5 18. h3 f5 19. Nxe4 dxe4 20. Nd2 g5 21. f3 Nd5
22. Nc4 Bg3 23. Qd1 Rad8 24. Bd2 c5 25. fxe4 Qxd1 26. Raxd1 fxe4 27. dxc5 Rf8
28. Rxf8+ Rxf8 29. Rf1 Rxf1+ 30. Kxf1 Kf7 31. Be1 Bc7 32. Ke2 Ke6 33. g4 Kd7
34. Bd2 Kc6 35. b4 b5 36. cxb6 axb6 37. Nb2 Be5 38. Nd1 Kb5 39. Ke1 Ka4 40. Bc1
Kb3 41. Kd2 b5 42. Nf2 Nc3 43. Nd1 Nxd1 44. Kxd1 Bc3 45. Bd2 Bb2 46. Be1 Bxa3
47. h4 h6 48. hxg5 hxg5 49. Bd2 Bxb4 50. Bc1 Bc3 51. Bd2 Bxd2 52. Kxd2 b4 53.
Kd1 Kc3 54. Kc1 b3 55. Kb1 b2 56. Ka2 Kc2 57. Ka3 b1=Q 58. Ka4 Qb6 0-1

[Event "XXVI Ogolnopolska Olimpiada Mlodziezy"]
[Site "Pulawy"]
[Date "2020.10.09"]
[Round "8.21"]
[White "Sniadecki, Oskar"]
[Black "Jablonski, Dawid"]
[Result "1-0"]
[WhiteElo "1577"]
[BlackElo "1200"]
[PlyCount "43"]
[EventDate "2020.10.04"]
[EventType "swiss"]
[Tiebreak "Sum of Buchholz+Median1 Buchholz+Sonneborn-Berger (Swiss)"]

1. e4 c6 2. d4 d5 3. e5 Bf5 4. g4 Bg6 5. h4 h6 6. h5 Be4 7. f3 Bh7 8. e6 fxe6
9. Bd3 Qd6 10. Ne2 Nf6 11. c3 Nbd7 12. Bf4 e5 13. Bxh7 Rxh7 14. Bg3 Qe6 15.
dxe5 Nxe5 16. O-O c5 17. Na3 O-O-O 18. b4 Nc6 19. b5 Na5 20. Qa4 b6 21. Qf4 Qd7
22. Qb8# 1-0

[Event "XXVI Ogolnopolska Olimpiada Mlodziezy"]
[Site "Pulawy"]
[Date "2020.10.09"]
[Round "8.22"]
[White "Golinska, Patrycja"]
[Black "Kicinska, Magdalena"]
[Result "1-0"]
[WhiteElo "1264"]
[BlackElo "1216"]
[PlyCount "89"]
[EventDate "2020.10.04"]
[EventType "swiss"]
[Tiebreak "Sum of Buchholz+Median1 Buchholz+Sonneborn-Berger (Swiss)"]

1. e4 c6 2. d3 d5 3. Nd2 e5 4. Ngf3 Bg4 5. g3 Bd6 6. Bg2 Nf6 7. O-O d4 8. Re1
O-O 9. h3 Bxf3 10. Qxf3 c5 11. Nf1 b5 12. Nh2 Nbd7 13. h4 c4 14. h5 g6 15. Bh6
Re8 16. hxg6 fxg6 17. Bh3 Bf8 18. Bg5 h6 19. Bxd7 hxg5 20. Bxe8 Nxe8 21. Ng4
Bg7 22. Kg2 Qe7 23. Rh1 Nf6 24. Nxf6+ Bxf6 25. Rh6 Qf7 26. Rah1 Rf8 27. g4 Bg7
28. Qxf7+ Rxf7 29. Rxg6 Kf8 30. Rxg5 a5 31. Rg6 a4 32. Rb6 Rf4 33. f3 c3 34.
bxc3 dxc3 35. Rxb5 a3 36. Ra5 Rf7 37. Rxa3 Rb7 38. Rxc3 Rb2 39. Rh7 Rxa2 40.
Rc8+ Kf7 41. Rc7+ Kf8 42. Rhxg7 Ra1 43. Rh7 Kg8 44. Rhd7 Kf8 45. Rd8# 1-0

[Event "XXVI Ogolnopolska Olimpiada Mlodziezy"]
[Site "Pulawy"]
[Date "2020.10.09"]
[Round "8.22"]
[White "Jarocki, Gabriel"]
[Black "Serewa, Antoni"]
[Result "1-0"]
[WhiteElo "1510"]
[BlackElo "1447"]
[PlyCount "121"]
[EventDate "2020.10.04"]
[EventType "swiss"]
[Tiebreak "Sum of Buchholz+Median1 Buchholz+Sonneborn-Berger (Swiss)"]

1. e4 c5 2. Nc3 Nc6 3. g3 g6 4. Bg2 Bg7 5. d3 d6 6. f4 Nf6 7. Nf3 O-O 8. O-O
Rb8 9. h3 Qc7 10. g4 e6 11. Nh4 Nd4 12. Ne2 Nxe2+ 13. Qxe2 Qe7 14. Qe1 Re8 15.
Bd2 Nd7 16. c3 Nb6 17. f5 Bf6 18. fxg6 fxg6 19. Nf3 Bd7 20. h4 Rf8 21. Qg3 Bg7
22. Bg5 Bf6 23. Bd2 e5 24. Rae1 Be6 25. b3 Rbe8 26. Kh2 Qd7 27. Bh3 Bg7 28. Rg1
h6 29. Be3 Qe7 30. Bg2 Qd7 31. Bh1 Qe7 32. Rd1 Rd8 33. d4 Bc8 34. d5 Na8 35.
Qf2 b5 36. b4 cxb4 37. cxb4 a6 38. Rc1 Bb7 39. Qd2 Kh7 40. h5 gxh5 41. gxh5 Bc8
42. Rg3 Rf6 43. Rcg1 Rg8 44. Qg2 Bd7 45. Nh4 Nc7 46. Nf5 Bxf5 47. exf5 Qf7 48.
Qd2 Ne8 49. Bf3 Qe7 50. Be4 Qf7 51. Qe2 Nc7 52. Qf3 Kh8 53. Rg6 Kh7 54. Bxh6
Bxh6 55. Rxg8 Ne8 56. R8g6 Bf4+ 57. Kh1 Qe7 58. Qg4 Qa7 59. Rxf6 Qf2 60. Qg6+
Kh8 61. Qg8# 1-0

[Event "XXVI Ogolnopolska Olimpiada Mlodziezy"]
[Site "Pulawy"]
[Date "2020.10.09"]
[Round "8.22"]
[White "Wandor, Adam"]
[Black "Hryniewicz, Maciej"]
[Result "1/2-1/2"]
[WhiteElo "1308"]
[BlackElo "1277"]
[PlyCount "88"]
[EventDate "2020.10.04"]
[EventType "swiss"]
[Tiebreak "Sum of Buchholz+Median1 Buchholz+Sonneborn-Berger (Swiss)"]

1. d4 d5 2. c4 e6 3. Nc3 Nf6 4. cxd5 exd5 5. Bg5 Be7 6. e3 O-O 7. Bd3 h6 8. Bh4
b6 9. Nge2 Bb7 10. O-O Nbd7 11. Qc2 c5 12. Rad1 Re8 13. Bb5 a6 14. Bxf6 Bxf6
15. Bxd7 Qxd7 16. Na4 Qb5 17. Nec3 Qc6 18. Qb3 cxd4 19. exd4 b5 20. Nc5 Rad8
21. Nxb7 Qxb7 22. a3 g6 23. h3 Bg7 24. Rd3 Qc6 25. Rfd1 h5 26. Na2 Re2 27. Nc3
Ree8 28. Rg3 Qd6 29. Rg5 Qf4 30. Rxd5 Bxd4 31. Qc2 Rxd5 32. Nxd5 Qe5 33. Nb4
Qf6 34. Nxa6 Bxf2+ 35. Qxf2 Qxa6 36. Rf1 Rf8 37. Qd4 Qc6 38. Qb4 Qb6+ 39. Kh1
Qb8 40. Qf4 Qb6 41. Qb4 Qb8 42. Qf4 Qb6 43. Rd1 Qe6 44. Kg1 Qb3 1/2-1/2

[Event "XXVI Ogolnopolska Olimpiada Mlodziezy"]
[Site "Pulawy"]
[Date "2020.10.09"]
[Round "8.23"]
[White "Dumin, Karolina"]
[Black "Pieczewska, Jadwiga"]
[Result "1/2-1/2"]
[WhiteElo "1014"]
[BlackElo "1060"]
[PlyCount "94"]
[EventDate "2020.10.04"]
[EventType "swiss"]
[Tiebreak "Sum of Buchholz+Median1 Buchholz+Sonneborn-Berger (Swiss)"]

1. d4 d5 2. c4 e6 3. Nc3 Nf6 4. Nf3 c5 5. e3 Nc6 6. cxd5 exd5 7. Bb5 Be7 8. Qa4
Bd7 9. a3 a6 10. Bxc6 bxc6 11. Ne5 Qc7 12. O-O O-O 13. Nxd7 Qxd7 14. Ne2 cxd4
15. Nxd4 c5 16. Qxd7 Nxd7 17. Nc6 Bf6 18. Rb1 Rfc8 19. Na5 Rab8 20. b4 cxb4 21.
Rxb4 Rxb4 22. axb4 Be7 23. Bd2 Ne5 24. Rb1 Nc4 25. Nxc4 dxc4 26. Bc3 Rb8 27.
Rb2 h6 28. g3 Rb5 29. h4 Bd8 30. Ra2 Be7 31. Ra5 Rxa5 32. bxa5 g5 33. hxg5 hxg5
34. Kg2 Kh7 35. g4 Kg6 36. Kf3 f5 37. gxf5+ Kxf5 38. e4+ Kg6 39. Kg4 Kf7 40.
Kf5 Bc5 41. f3 Be7 42. f4 gxf4 43. Kxf4 Ke6 44. Ke3 Bc5+ 45. Kf4 Be7 46. Ke3
Bc5+ 47. Bd4 Bb4 1/2-1/2